000 00522nam a22002177a 4500
003 UA-OsUOA
001 59410
007 ta
008 20090324b un ||||| |||| 00| 0 ukr d
100 _aЩербак Ю.
090 _a32
_bЩ61
942 _cSA
040 _aUA-OsUOA
_bukr
_cUA-OsUOA
_dUA-OsUOA
245 _aУкраїнські проблеми та російський фактор
300 _aС.4
955 _a0
041 _aukr
080 _a32
773 0 _w59409
650 7 _a32 Політика
_2UDC
999 _c345495
_d345495